000 00722nam a2200289Ia 4500
005 20260324130353.0
008 008 260324s9999 xx 000 0 eng d
020 _a9780203961100
037 _aEBOOK
040 _aCRL
040 _beng
040 _cCRL
041 _2eng
041 _aeng
084 _qCRL
100 _aManuela Maciel; Jorge Burmeister; Clark Baim; ZERKA T MORENO; Grete Leutz
_91181505
245 0 _aPsychodrama
245 0 _bAdvances in Theory and Practice
260 _bTaylor and Francis
260 _c2007
365 _a
365 _b195
856 _uhttp://www.taylorfrancis.com/books/9780203961100
942 _cEBOOK
999 _c1777650
_d1777650